000 00246nam a22001217a 4500
041 _aENG
100 _aPrihar .S.S
245 _aIrrigation Of Field Crops
260 _aDelhi
_bPublished
_c1998
300 _a142
650 _aIDE
856 _uIDE
999 _c490
_d490